| 000 | 00000nam##2200000za#4500 |
| 001 | 9.698683 |
| 003 | CaOODSP |
| 005 | 20210625000035 |
| 007 | cr ||||||||||| |
| 008 | 150407|2013||||xxc|||||o f|0| 0 eng|d |
| 020 | |a978-1-100-23000-9 |
| 040 | |aCaOODSP|beng |
| 043 | |an-cn--- |
| 086 | 1 |aH144-13/3-2013E-PDF |
| 110 | 1 |aCanada. |bHealth Canada. |bHealthy Environments and Consumer Safety Branch. |
| 245 | 10|aGuidelines for Canadian drinking water quality : |h[electronic resource]|bguideline technical document – 1,2-Dichloroethane / |cPrepared by the Federal-Provincial-Territorial Committee on Drinking Water of the Federal-Provincial-Territorial Committee on Health and the Environment. |
| 260 | |aOttawa - Ontario : |bHealth Canada. |cFebruary 2014. |
| 300 | |a72p.|breferences, tables |
| 590 | |a15-11|b2015-03-13 |
| 690 | 07|aDrinking water|2gcpds |
| 775 | 08|tRecommandations pour la qualité de l'eau potable au Canada : |w(CaOODSP)9.642680 |
| 856 | 40|ahttp://publications.gc.ca|qPDF|s680 KB|uhttps://publications.gc.ca/collections/collection_2015/sc-hc/H144-13-3-2013-eng.pdf |
| 986 | |aPub. Number: 130473 |